The new alchemists : Silicon Valley and the microeconomics revolution

Gespeichert in:
Bibliographische Detailangaben
1. Verfasser: Hanson, Dirk
Format: Buch
Sprache:Undetermined
Veröffentlicht: Boston Little Brown and Company 1982
Schlagworte:
Tags: Tag hinzufügen
Keine Tags, Fügen Sie den ersten Tag hinzu!
Thư viện lưu trữ: Trung tâm Học liệu Trường Đại học Cần Thơ
LEADER 00544nam a2200193Ia 4500
001 CTU_82663
008 210402s9999 xx 000 0 und d
082 |a 338.4 
082 |b H251 
100 |a Hanson, Dirk 
245 4 |a The new alchemists : 
245 0 |b Silicon Valley and the microeconomics revolution 
245 0 |c Dirk Hanson 
260 |a Boston 
260 |b Little Brown and Company 
260 |c 1982 
650 |a Microelectronics industry 
904 |i QHieu(sửa) 
980 |a Trung tâm Học liệu Trường Đại học Cần Thơ